[Event "Oberliga Ost A 2017 2018"]
[Site "Germany"]
[Date "2018.02.04"]
[Round "7.4"]
[White "Erler, Rainer"]
[Black "Fritsch, Andreas"]
[Result "1-0"]
[WhiteElo "2100"]
[BlackElo "2102"]
[PlyCount "117"]
[EventDate "2017.10.22"]
[EventType "team-tourn"]
[EventCountry "GER"]
[WhiteTeam "Dessau SK"]
[BlackTeam "Naumburger SV"]
[WhiteTeamCountry "GER"]
[BlackTeamCountry "GER"]

1. e4 Nc6 2. Nf3 d6 3. d4 Nf6 4. Nc3 g6 5. h3 Bg7 6. Be3 O-O 7. Qd2 a6 8. d5
Nb8 9. Bh6 c6 10. Bxg7 Kxg7 11. O-O-O b5 12. dxc6 Nxc6 13. e5 dxe5 14. Qxd8
Rxd8 15. Rxd8 Nxd8 16. Nxe5 Bb7 17. Rg1 Nc6 18. Nxc6 Bxc6 19. Bd3 b4 20. Nd1 e5
21. g3 e4 22. Bc4 Nd7 23. Ne3 Nb6 24. Rd1 Nxc4 25. Nxc4 Rc8 26. Rd4 Rc7 27. Na5
Bb5 28. Rxb4 Bd3 29. c3 Rc5 30. Nb3 Rf5 31. Nd2 Rxf2 32. Nxe4 Rc2+ 33. Kd1 Bxe4
34. Rxe4 Rxb2 35. Ra4 Rb6 36. Kd2 f5 37. Rb4 Rd6+ 38. Ke3 Kf6 39. Rb7 h6 40.
Rh7 Kg5 41. c4 Re6+ 42. Kd4 Re2 43. a4 Ra2 44. h4+ Kh5 45. Re7 Rxa4 46. Re3 Ra1
47. c5 Rd1+ 48. Rd3 Re1 49. c6 Re8 50. c7 Rc8 51. Rc3 Kg4 52. Ke5 g5 53. hxg5
Kxg5 54. Rc4 h5 55. Kd6 Rg8 56. Kd7 Rg7+ 57. Kc6 Rg8 58. Kb7 Rg7 59. Kb8 1-0

[Event "Oberliga Ost A 2017 2018"]
[Site "Germany"]
[Date "2018.02.04"]
[Round "7.5"]
[White "Haertig, Jens"]
[Black "Leibovitch, Iziaslav"]
[Result "1-0"]
[WhiteElo "2140"]
[BlackElo "2125"]
[PlyCount "75"]
[EventDate "2017.10.22"]
[EventType "team-tourn"]
[EventCountry "GER"]
[WhiteTeam "Naumburger SV"]
[BlackTeam "Dessau SK"]
[WhiteTeamCountry "GER"]
[BlackTeamCountry "GER"]

1. d4 Nf6 2. c4 c5 3. Nf3 g6 4. Nc3 cxd4 5. Nxd4 Nc6 6. e4 d6 7. Be2 Bg7 8. Be3
O-O 9. O-O Ng4 10. Bxg4 Bxg4 11. f3 Bd7 12. Qd2 Rc8 13. b3 Qa5 14. Rad1 Nxd4
15. Bxd4 Bxd4+ 16. Qxd4 Qc5 17. e5 Rfd8 18. exd6 exd6 19. Ne4 Qxd4+ 20. Rxd4
Bc6 21. Nxd6 Rc7 22. Rfd1 Rcd7 23. R4d2 f5 24. c5 b6 25. cxb6 axb6 26. Nc4 Rxd2
27. Rxd2 Rxd2 28. Nxd2 b5 29. Kf2 Kf7 30. Ke3 Ke6 31. Kd4 Kd6 32. g3 g5 33. f4
h6 34. Nb1 Be4 35. Nc3 Bc6 36. a4 bxa4 37. Nxa4 Bb5 38. Nb2 1-0

[Event "Oberliga Ost A 2017 2018"]
[Site "Germany"]
[Date "2018.02.04"]
[Round "7.6"]
[White "Ozeran, Volodymyr"]
[Black "Roessler, Bernd"]
[Result "1-0"]
[WhiteElo "2087"]
[BlackElo "2032"]
[PlyCount "123"]
[EventDate "2017.10.22"]
[EventType "team-tourn"]
[EventCountry "GER"]
[WhiteTeam "Dessau SK"]
[BlackTeam "Naumburger SV"]
[WhiteTeamCountry "GER"]
[BlackTeamCountry "GER"]

1. d4 Nf6 2. Nf3 d5 3. g3 g6 4. Bg2 Bg7 5. O-O O-O 6. c4 c6 7. Qb3 dxc4 8. Qxc4
Nbd7 9. Nc3 Nb6 10. Qd3 Re8 11. Rd1 Nfd5 12. e4 Nb4 13. Qe2 Bg4 14. a3 Na6 15.
Be3 Qd7 16. Rd2 Rad8 17. Qf1 Qc8 18. a4 Be6 19. Rdd1 Bc4 20. Qe1 Bb3 21. Rdc1
Nb4 22. Qe2 Nc4 23. Nd2 Nxd2 24. Qxd2 Qd7 25. Ra3 Be6 26. Ne2 a5 27. Rd1 f6 28.
d5 Qc7 29. Qc1 Bf7 30. Nd4 Qd7 31. Qc5 cxd5 32. Qxa5 Nc6 33. Nxc6 bxc6 34. Rad3
e6 35. Qd2 Rb8 36. a5 Bf8 37. Bb6 Be7 38. Qc3 Rec8 39. R3d2 e5 40. Bf1 d4 41.
Ba6 Re8 42. Rc2 Qg4 43. Qd3 f5 44. f3 fxe4 45. Qxe4 Qxe4 46. fxe4 Bb3 47. Bc4+
Bxc4 48. Rxc4 c5 49. Kg2 Bd8 50. Bxd8 Rxb2+ 51. Kf3 Rxd8 52. Rxc5 Re8 53. Ra1
h5 54. g4 h4 55. g5 Rf8+ 56. Kg4 Rf4+ 57. Kh3 Rb3+ 58. Kg2 h3+ 59. Kg1 Rg4+ 60.
Kh1 Rxe4 61. a6 Ra3 62. Rcc1 1-0

[Event "Oberliga Ost A 2017 2018"]
[Site "Germany"]
[Date "2018.02.04"]
[Round "7.7"]
[White "Will, Matthias"]
[Black "Schaefer, Sven"]
[Result "1/2-1/2"]
[WhiteElo "2025"]
[BlackElo "2001"]
[PlyCount "153"]
[EventDate "2017.10.22"]
[EventType "team-tourn"]
[EventCountry "GER"]
[WhiteTeam "Naumburger SV"]
[BlackTeam "Dessau SK"]
[WhiteTeamCountry "GER"]
[BlackTeamCountry "GER"]

1. Nf3 Nf6 2. c4 g6 3. b4 Bg7 4. Bb2 O-O 5. g3 d5 6. Bg2 c6 7. O-O a5 8. b5
dxc4 9. bxc6 Nxc6 10. Na3 Nb4 11. Nxc4 Be6 12. d3 Rc8 13. a3 Nc6 14. Qb3 Qc7
15. Ng5 Bxc4 16. Qxc4 h6 17. Nf3 b5 18. Qxb5 Rb8 19. Be5 Rxb5 20. Bxc7 Rc8 21.
Bf4 Nh5 22. Rac1 Nxf4 23. gxf4 Rbb8 24. Rc4 Na7 25. Rfc1 Rxc4 26. Rxc4 Rb1+ 27.
Bf1 Nb5 28. Nd2 Rb2 29. Rc8+ Kh7 30. Nc4 Ra2 31. Nxa5 Rxa3 32. Nc6 e6 33. Ne5
Ra7 34. e3 Nd6 35. Rc6 Nf5 36. Nf3 Rb7 37. Bh3 Ne7 38. Rc1 Nd5 39. d4 Ra7 40.
Ne5 Bf6 41. Rc2 Kg7 42. Bf1 Bh4 43. Kg2 Bf6 44. Be2 Ne7 45. Bd3 Nd5 46. Be4 Ne7
47. Ng4 Bxd4 48. exd4 f5 49. f3 fxg4 50. fxg4 Ra4 51. Rd2 Kf6 52. Kf3 g5 53.
fxg5+ hxg5 54. Ke3 Ra3+ 55. Kf2 Rb3 56. Kg2 Ra3 57. Rf2+ Kg7 58. Rf3 Ra4 59.
Rd3 Kf6 60. Bf3 Ng6 61. Kg3 Rb4 62. h3 Ra4 63. Bc6 Rb4 64. d5 exd5 65. Bxd5 Nf4
66. Rf3 Ke5 67. Ba8 Rb2 68. Re3+ Kd4 69. Re4+ Kd3 70. Rxf4 gxf4+ 71. Kxf4 Kd4
72. h4 Rb8 73. Bc6 Rf8+ 74. Kg5 Ke5 75. h5 Rg8+ 76. Kh4 Rxg4+ 77. Kxg4 1/2-1/2

[Event "Oberliga Ost A 2017 2018"]
[Site "Germany"]
[Date "2018.02.04"]
[Round "7.8"]
[White "Schneider, Jens Erik"]
[Black "Packroff, Hermann"]
[Result "1/2-1/2"]
[WhiteElo "1925"]
[BlackElo "2183"]
[PlyCount "30"]
[EventDate "2017.10.22"]
[EventType "team-tourn"]
[EventCountry "GER"]
[WhiteTeam "Dessau SK"]
[BlackTeam "Naumburger SV"]
[WhiteTeamCountry "GER"]
[BlackTeamCountry "GER"]

1. d4 Nf6 2. c4 e6 3. Nc3 Bb4 4. Bd2 O-O 5. e3 d5 6. a3 Bxc3 7. bxc3 Ne4 8. Bd3
Nxd2 9. Qxd2 b6 10. cxd5 exd5 11. Nf3 Ba6 12. O-O Bxd3 13. Qxd3 Nd7 14. Rfc1 c5
15. Qa6 Qc8 1/2-1/2

[Event "Oberliga Ost A 2017 2018"]
[Site "Germany"]
[Date "2018.02.04"]
[Round "7.1"]
[White "Osmanodja, Filiz"]
[Black "Lechtynsky, Jiri"]
[Result "1/2-1/2"]
[WhiteElo "2273"]
[BlackElo "2367"]
[PlyCount "37"]
[EventDate "2017.10.22"]
[EventType "team-tourn"]
[EventCountry "GER"]
[WhiteTeam "Dresden USV TU II"]
[BlackTeam "Hoyerswerda FVS ASP"]
[WhiteTeamCountry "GER"]
[BlackTeamCountry "GER"]

1. e4 c6 2. d4 d5 3. Nc3 dxe4 4. Nxe4 Nf6 5. Nxf6+ exf6 6. c3 Bd6 7. Bd3 O-O 8.
Qc2 Re8+ 9. Ne2 g6 10. O-O Nd7 11. Bh6 f5 12. Qd2 Nf6 13. Ng3 Ng4 14. Bf4 Bxf4
15. Qxf4 Be6 16. b3 Qb8 17. Qg5 Qd8 18. Qf4 Qb8 19. Qg5 1/2-1/2

[Event "Oberliga Ost A 2017 2018"]
[Site "Germany"]
[Date "2018.02.04"]
[Round "7.3"]
[White "Salzmann, Peter"]
[Black "Orsag, Milan"]
[Result "1/2-1/2"]
[WhiteElo "2139"]
[BlackElo "2342"]
[PlyCount "109"]
[EventDate "2017.10.22"]
[EventType "team-tourn"]
[EventCountry "GER"]
[WhiteTeam "Dresden USV TU II"]
[BlackTeam "Hoyerswerda FVS ASP"]
[WhiteTeamCountry "GER"]
[BlackTeamCountry "GER"]

1. c4 Nf6 2. Nc3 g6 3. g3 Bg7 4. Bg2 O-O 5. Nf3 d6 6. d4 Nc6 7. O-O a6 8. Nd5
Nd7 9. e4 e6 10. Nc3 e5 11. Bg5 f6 12. Be3 exd4 13. Nxd4 Nde5 14. Nxc6 bxc6 15.
b3 Bg4 16. f3 Be6 17. h3 Qd7 18. Kh2 Nf7 19. Rc1 f5 20. exf5 Bxf5 21. f4 h5 22.
Bd4 Bxd4 23. Qxd4 c5 24. Qd5 Rae8 25. Rce1 Kg7 26. Qd2 Nd8 27. Ne4 Ne6 28. Qc3+
Nd4 29. Re3 Re7 30. Rfe1 Rfe8 31. Ng5 Rxe3 32. Rxe3 Rxe3 33. Qxe3 c6 34. b4 Qc7
35. a3 Kf8 36. bxc5 dxc5 37. Nf3 Qd6 38. Ne5 Kg7 39. g4 hxg4 40. hxg4 Be6 41.
Qe4 Bf7 42. Kg3 g5 43. Bf1 Ne6 44. fxg5 Nxg5 45. Qf4 Qe7 46. Bd3 Be8 47. Qf5
Kh6 48. Nf3 Qd6+ 49. Kg2 Nxf3 50. Kxf3 Kg7 51. Be4 Qd1+ 52. Kf4 Qd2+ 53. Kg3
Qe1+ 54. Kf4 Qd2+ 55. Kg3 1/2-1/2

[Event "Oberliga Ost A 2017 2018"]
[Site "Germany"]
[Date "2018.02.04"]
[Round "7.4"]
[White "Hovsepyan, Vardan"]
[Black "Oehl, Tim"]
[Result "1-0"]
[WhiteElo "2218"]
[BlackElo "2157"]
[PlyCount "63"]
[EventDate "2017.10.22"]
[EventType "team-tourn"]
[EventCountry "GER"]
[WhiteTeam "Hoyerswerda FVS ASP"]
[BlackTeam "Dresden USV TU II"]
[WhiteTeamCountry "GER"]
[BlackTeamCountry "GER"]

1. e4 g6 2. Nc3 Bg7 3. d4 d6 4. Be3 a6 5. Qd2 Nd7 6. O-O-O b5 7. g4 Bb7 8. f3
h5 9. gxh5 Rxh5 10. Nh3 b4 11. Ne2 c5 12. Nhf4 Rh4 13. dxc5 Qa5 14. a3 Bxb2+
15. Kxb2 Qxa3+ 16. Kb1 b3 17. Qc3 Bxe4 18. fxe4 Rb8 19. Nc1 bxc2+ 20. Kxc2 Qa4+
21. Kd2 Ngf6 22. Bd3 Nxc5 23. Bxc5 dxc5 24. Qe5 Rd8 25. Ke1 Qb4+ 26. Ke2 Rd4
27. Kf3 Qc3 28. Nce2 Rxd3+ 29. Nxd3 Qb3 30. Qxc5 Kf8 31. Qc8+ Kg7 32. Ng3 1-0

[Event "Oberliga Ost A 2017 2018"]
[Site "Germany"]
[Date "2018.02.04"]
[Round "7.5"]
[White "Verhulst, Nicolaas"]
[Black "Kesik, Klaus Dieter"]
[Result "0-1"]
[WhiteElo "2070"]
[BlackElo "2222"]
[PlyCount "106"]
[EventDate "2017.10.22"]
[EventType "team-tourn"]
[EventCountry "GER"]
[WhiteTeam "Dresden USV TU II"]
[BlackTeam "Hoyerswerda FVS ASP"]
[WhiteTeamCountry "GER"]
[BlackTeamCountry "GER"]

1. e4 Nf6 2. Nc3 d6 3. d4 g6 4. Be2 Bg7 5. Be3 Na6 6. h4 h5 7. f3 c6 8. Qd2 Nc7
9. Nh3 b5 10. Ng5 a5 11. Nd1 Bd7 12. Nf2 Qb8 13. Nd3 Ne6 14. O-O-O b4 15. Nf4
Nxf4 16. Bxf4 a4 17. Bc4 O-O 18. g4 b3 19. cxb3 a3 20. gxh5 Nxh5 21. Be3 Qa7
22. Kb1 axb2 23. Qxb2 c5 24. Rh2 e6 25. Qf2 Rfc8 26. f4 Rc7 27. f5 cxd4 28.
Bxd4 Bxd4 29. Qxd4 Qxd4 30. Rxd4 gxf5 31. Rxd6 f4 32. Rhd2 Bc6 33. Rd8+ Rxd8
34. Rxd8+ Kg7 35. Kb2 e5 36. a4 Ng3 37. Bd5 Bxd5 38. Rxd5 Re7 39. Nf3 Kf6 40.
Rd6+ Kg7 41. Nd2 f5 42. exf5 Nxf5 43. Rb6 e4 44. Rb4 Nd6 45. Rd4 f3 46. Rxe4
Rxe4 47. Nxf3 Rf4 48. Ne1 Rxh4 49. a5 Nb5 50. Nd3 Rh2+ 51. Ka1 Kf6 52. a6 Ke6
53. Nb2 Kd7 0-1

[Event "Oberliga Ost A 2017 2018"]
[Site "Germany"]
[Date "2018.02.04"]
[Round "7.6"]
[White "Jahnel, Guenther"]
[Black "Ledfuss, Guntram"]
[Result "1-0"]
[WhiteElo "2222"]
[BlackElo "2043"]
[PlyCount "103"]
[EventDate "2017.10.22"]
[EventType "team-tourn"]
[EventCountry "GER"]
[WhiteTeam "Hoyerswerda FVS ASP"]
[BlackTeam "Dresden USV TU II"]
[WhiteTeamCountry "GER"]
[BlackTeamCountry "GER"]

1. d4 Nf6 2. c4 e6 3. Nc3 d5 4. Bg5 Be7 5. e3 O-O 6. cxd5 exd5 7. Qc2 c6 8. Bd3
Nbd7 9. Nge2 Re8 10. O-O Nf8 11. f3 g6 12. Kh1 Ne6 13. Bh4 Ng7 14. Bf2 Bd6 15.
Qd2 Bf5 16. Bxf5 Nxf5 17. g4 Ng7 18. Rae1 Ne6 19. Kg2 h5 20. h3 Kg7 21. Bg3 Rh8
22. Nf4 hxg4 23. hxg4 Ng5 24. Rh1 Qe7 25. Qf2 Rac8 26. Bh4 Bxf4 27. exf4 Ne6
28. Bg3 Rxh1 29. Kxh1 Qb4 30. f5 Rh8+ 31. Kg2 gxf5 32. Be5 f4 33. Qd2 Rh6 34.
Rh1 Rxh1 35. Bxf6+ Kxf6 36. Nxd5+ cxd5 37. Qxb4 Rd1 38. Qxb7 Rxd4 39. Qb8 Rd2+
40. Kf1 Kg5 41. Qe5+ Kg6 42. Ke1 Rh2 43. Qxd5 Rh8 44. Qf5+ Kg7 45. Qe5+ Kg8 46.
Qb8+ Kg7 47. Qxa7 Rd8 48. Qa3 Kg8 49. Qc3 Re8 50. Kf2 Ng5 51. Qf6 Ne6 52. g5
1-0

[Event "Oberliga Ost A 2017 2018"]
[Site "Germany"]
[Date "2018.02.04"]
[Round "7.7"]
[White "Schmalhofer, Adam"]
[Black "Boehm, Robert"]
[Result "0-1"]
[WhiteElo "2058"]
[BlackElo "2148"]
[PlyCount "138"]
[EventDate "2017.10.22"]
[EventType "team-tourn"]
[EventCountry "GER"]
[WhiteTeam "Dresden USV TU II"]
[BlackTeam "Hoyerswerda FVS ASP"]
[WhiteTeamCountry "GER"]
[BlackTeamCountry "GER"]

1. d4 d5 2. c4 e6 3. Nc3 Nf6 4. Bg5 c6 5. e3 Nbd7 6. Nf3 Qa5 7. Bxf6 Nxf6 8.
Rc1 Bb4 9. Qb3 O-O 10. Bd3 dxc4 11. Bxc4 Nd5 12. O-O Nxc3 13. bxc3 Bd6 14. Nd2
Qc7 15. f4 c5 16. Kh1 Bd7 17. Bd3 b5 18. Bb1 Rac8 19. Qc2 g6 20. Qb2 cxd4 21.
cxd4 Qa5 22. Rxc8 Rxc8 23. Ne4 Be7 24. h3 Bc6 25. Nf2 Ba3 26. Qe2 Bd5 27. Qg4
Qd2 28. Qg3 Rc1 29. Bd3 Rxf1+ 30. Bxf1 Qe1 31. e4 Qxf1+ 32. Kh2 Bc6 33. Qxa3
Qxf2 34. Qd6 Be8 35. d5 exd5 36. Qb8 Kf8 37. Qd6+ Kg7 38. Qe5+ f6 39. Qxe8
Qxf4+ 40. Kh1 Qf1+ 41. Kh2 Qf4+ 42. Kh1 Qxe4 43. Qxb5 d4 44. Qd7+ Kh6 45. Qd8
Qe1+ 46. Kh2 Qe5+ 47. Kh1 a5 48. a4 Kg5 49. Qd7 h5 50. Qd8 Kf4 51. Qa8 Ke3 52.
Qf3+ Kd2 53. Qf2+ Kc3 54. Qa2 d3 55. Qa3+ Kd2 56. Qb3 Ke2 57. Qc4 f5 58. Qa6
Qa1+ 59. Kh2 Qxa4 60. Qxg6 Qf4+ 61. Kh1 h4 62. Qa6 a4 63. Qb7 Qe4 64. Qb5 a3
65. Qa6 Kf1 66. Qg6 a2 67. Qg7 d2 68. Qa1+ Qe1 69. Qxa2 Kf2+ 0-1

[Event "Oberliga Ost A 2017 2018"]
[Site "Germany"]
[Date "2018.02.04"]
[Round "7.8"]
[White "Graf, Roland"]
[Black "Richter, Philipp"]
[Result "1/2-1/2"]
[WhiteElo "2103"]
[BlackElo "1795"]
[PlyCount "64"]
[EventDate "2017.10.22"]
[EventType "team-tourn"]
[EventCountry "GER"]
[WhiteTeam "Hoyerswerda FVS ASP"]
[BlackTeam "Dresden USV TU II"]
[WhiteTeamCountry "GER"]
[BlackTeamCountry "GER"]

1. e4 d6 2. d4 Nf6 3. Nc3 g6 4. g3 Bg7 5. Bg2 O-O 6. Nge2 e5 7. h3 a6 8. a4
exd4 9. Nxd4 b6 10. O-O Bb7 11. Re1 Nbd7 12. Nb3 Rb8 13. Bf4 Ne5 14. Nd2 h6 15.
g4 g5 16. Bg3 Ng6 17. Nf3 d5 18. exd5 Nxd5 19. Nxd5 Bxd5 20. Ne5 Bxg2 21. Nxg6
fxg6 22. Kxg2 Bxb2 23. Qxd8 Rbxd8 24. Rab1 Bd4 25. Re7 Bc5 26. Rxc7 Rd2 27. Re1
Bxf2 28. Bxf2 Rdxf2+ 29. Kg1 R2f6 30. Ree7 R8f7 31. Rxf7 Rxf7 32. Rc6 Rb7
1/2-1/2

[Event "Oberliga Ost A 2017 2018"]
[Site "Germany"]
[Date "2018.02.04"]
[Round "7.1"]
[White "Hoepfl, Thomas"]
[Black "Reizniece Ozola, Dana"]
[Result "0-1"]
[WhiteElo "2276"]
[BlackElo "2283"]
[PlyCount "146"]
[EventDate "2017.10.22"]
[EventType "team-tourn"]
[EventCountry "GER"]
[WhiteTeam "Halle USV"]
[BlackTeam "Loeberitz SG"]
[WhiteTeamCountry "GER"]
[BlackTeamCountry "GER"]

1. e4 c5 2. Nf3 Nc6 3. Bb5 g6 4. O-O Bg7 5. c3 Nf6 6. d4 cxd4 7. cxd4 a6 8. Ba4
b5 9. e5 Nd5 10. Bb3 Nb6 11. Bf4 O-O 12. Nc3 Bb7 13. Re1 Na5 14. Bc2 Nd5 15.
Nxd5 Bxd5 16. Ng5 Nc6 17. Ne4 Rc8 18. Nc3 Nb4 19. Nxd5 Nxd5 20. Bg5 f6 21. Bh4
Kh8 22. Bb3 Nb6 23. Qe2 fxe5 24. dxe5 Nc4 25. Rac1 Rf5 26. e6 d5 27. Bg3 Nxb2
28. Bc2 Rf8 29. h4 d4 30. Bxg6 hxg6 31. Qxb2 Qd5 32. Rcd1 Rc6 33. f3 Rxe6 34.
Rxe6 Qxe6 35. Bf2 Rd8 36. Rd3 Qf5 37. Qe2 e5 38. g4 Qf4 39. Kg2 Rc8 40. Rd1 Rc3
41. Bg3 Qe3 42. Qxe3 Rxe3 43. Kf2 Ra3 44. Rd2 a5 45. Rc2 b4 46. Rc8+ Kh7 47.
Rc7 Rxa2+ 48. Ke1 Ra3 49. Kd2 Rc3 50. Rb7 Rc5 51. Kd3 Rc3+ 52. Kd2 Re3 53. Kc2
a4 54. Rxb4 Rxf3 55. Be1 a3 56. Ra4 e4 57. Bb4 d3+ 58. Kb3 e3 59. Rxa3 d2 60.
Kc2 Rf1 61. Bxd2 exd2 62. Kxd2 Rf2+ 63. Ke1 Rf4 64. h5 g5 65. Rg3 Kg8 66. Ke2
Kf7 67. Rg1 Ke6 68. Rg3 Ke5 69. Rg1 Ra4 70. Kf3 Ra3+ 71. Kg2 Kf4 72. Kh2 Rf3
73. Rg2 Bd4 0-1

[Event "Oberliga Ost A 2017 2018"]
[Site "Germany"]
[Date "2018.02.04"]
[Round "7.2"]
[White "Stein, Robert"]
[Black "Becker, Michael"]
[Result "1-0"]
[WhiteElo "2253"]
[BlackElo "2286"]
[PlyCount "69"]
[EventDate "2017.10.22"]
[EventType "team-tourn"]
[EventCountry "GER"]
[WhiteTeam "Loeberitz SG"]
[BlackTeam "Halle USV"]
[WhiteTeamCountry "GER"]
[BlackTeamCountry "GER"]

1. d4 Nf6 2. Nf3 c5 3. c4 cxd4 4. Nxd4 e5 5. Nb5 d5 6. cxd5 Bc5 7. N5c3 O-O 8.
g3 e4 9. Bg2 Qe7 10. Be3 Bxe3 11. fxe3 Rd8 12. O-O Be6 13. Rxf6 Qxf6 14. Qb3
Bf5 15. Qxb7 Nd7 16. Nd2 Rab8 17. Qxa7 Rxb2 18. Ndxe4 Bxe4 19. Nxe4 Qb6 20.
Qxb6 Nxb6 21. a4 Nc4 22. a5 f5 23. Nc5 Rb5 24. Ne6 Rd7 25. a6 Ra7 26. Rc1 Rb4
27. Nc5 Nd6 28. Kf2 Rb5 29. e4 Re7 30. e5 Nf7 31. d6 Ra7 32. d7 Kf8 33. e6 Nd8
34. Nb7 Nc6 35. Rxc6 1-0

[Event "Oberliga Ost A 2017 2018"]
[Site "Germany"]
[Date "2018.02.04"]
[Round "7.3"]
[White "Hartge, Gedeon"]
[Black "Pallas, Sebastian"]
[Result "1/2-1/2"]
[WhiteElo "2144"]
[BlackElo "2230"]
[PlyCount "74"]
[EventDate "2017.10.22"]
[EventType "team-tourn"]
[EventCountry "GER"]
[WhiteTeam "Halle USV"]
[BlackTeam "Loeberitz SG"]
[WhiteTeamCountry "GER"]
[BlackTeamCountry "GER"]

1. d4 Nf6 2. c4 g6 3. f3 d5 4. cxd5 Nxd5 5. e4 Nb6 6. Nc3 Bg7 7. Be3 O-O 8. Qd2
Nc6 9. O-O-O f5 10. e5 Nb4 11. Nh3 Be6 12. Kb1 Qd7 13. Nf4 Bf7 14. h4 Rfd8 15.
a3 N4d5 16. Nfxd5 Nxd5 17. f4 Qe6 18. Be2 Rac8 19. Bf3 c6 20. Nxd5 Rxd5 21.
Bxd5 Qxd5 22. Qc3 Qxg2 23. Rhg1 Qe4+ 24. Qd3 Qd5 25. h5 Rd8 26. hxg6 hxg6 27.
Kc2 Qe6 28. Qc3 Rd5 29. Rg3 Rb5 30. Bc1 Qa2 31. Rdg1 Kf8 32. Rxg6 Rb3 33. Qc5
Rf3 34. Rxg7 Qb3+ 35. Kb1 Qa2+ 36. Kc2 Qb3+ 37. Kb1 Qa2+ 1/2-1/2

[Event "Oberliga Ost A 2017 2018"]
[Site "Germany"]
[Date "2018.02.04"]
[Round "7.4"]
[White "Proehl, Holger"]
[Black "Schulte, Felix"]
[Result "1-0"]
[WhiteElo "2364"]
[BlackElo "1967"]
[PlyCount "91"]
[EventDate "2017.10.22"]
[EventType "team-tourn"]
[EventCountry "GER"]
[WhiteTeam "Loeberitz SG"]
[BlackTeam "Halle USV"]
[WhiteTeamCountry "GER"]
[BlackTeamCountry "GER"]

1. e4 c5 2. c3 g6 3. Nf3 Bg7 4. Bc4 d6 5. O-O Nf6 6. d3 Nc6 7. Nbd2 O-O 8. a4
d5 9. Ba2 e5 10. Re1 h6 11. Qc2 Be6 12. Nf1 Qc7 13. b4 cxb4 14. cxb4 Rac8 15.
Ba3 Nd4 16. Nxd4 Qxc2 17. Nxc2 Rxc2 18. Ne3 Rc3 19. exd5 Bd7 20. Bb2 Rxd3 21.
Bc4 Rd2 22. Bc3 Rd4 23. Bxd4 exd4 24. Nf1 Rc8 25. Rac1 Bxa4 26. Ba2 Rd8 27. Re7
Nxd5 28. Rxb7 Be8 29. Re1 Kf8 30. Bxd5 Rxd5 31. Rxa7 Bf6 32. Ra8 Bd8 33. Nd2
Bc6 34. Rc8 Bb7 35. Rb8 Bc6 36. Rc1 Ba4 37. Ra1 Bc2 38. Raa8 Ke7 39. b5 Rd6 40.
Ra7+ Ke6 41. Ra6 Bc7 42. Rb7 Bd8 43. Nc4 Rxa6 44. bxa6 Be4 45. Rb8 Bc7 46. a7
1-0

[Event "Oberliga Ost A 2017 2018"]
[Site "Germany"]
[Date "2018.02.04"]
[Round "7.5"]
[White "Groeger, Stefan"]
[Black "Schuetze, Norman"]
[Result "0-1"]
[WhiteElo "2150"]
[BlackElo "2282"]
[PlyCount "74"]
[EventDate "2017.10.22"]
[EventType "team-tourn"]
[EventCountry "GER"]
[WhiteTeam "Halle USV"]
[BlackTeam "Loeberitz SG"]
[WhiteTeamCountry "GER"]
[BlackTeamCountry "GER"]

1. e4 c5 2. c3 Nf6 3. e5 Nd5 4. Bc4 Nb6 5. Bb3 d6 6. Nf3 c4 7. Bc2 Nc6 8. exd6
Qxd6 9. O-O Bg4 10. h3 Bh5 11. b3 Qd5 12. Re1 Bxf3 13. Qxf3 Qxf3 14. gxf3 O-O-O
15. a4 e6 16. a5 cxb3 17. axb6 bxc2 18. bxa7 Nxa7 19. Na3 Bxa3 20. Rxa3 Nb5 21.
Ra2 Kc7 22. Rxc2 Rd3 23. Re3 Rd5 24. Kf1 Nd6 25. c4 Rh5 26. Bb2 Nf5 27. Be5+
Kc6 28. Rb3 f6 29. Bc3 Nd6 30. Kg2 Rd8 31. d3 Nf5 32. Bb2 b6 33. Rc1 Nh4+ 34.
Kg3 Ng6 35. f4 e5 36. fxe5 fxe5 37. Ra1 Nf4 0-1

[Event "Oberliga Ost A 2017 2018"]
[Site "Germany"]
[Date "2018.02.04"]
[Round "7.6"]
[White "Schuster, Martin"]
[Black "Hentzgen, Thomas"]
[Result "1-0"]
[WhiteElo "2205"]
[BlackElo "2037"]
[PlyCount "73"]
[EventDate "2017.10.22"]
[EventType "team-tourn"]
[EventCountry "GER"]
[WhiteTeam "Loeberitz SG"]
[BlackTeam "Halle USV"]
[WhiteTeamCountry "GER"]
[BlackTeamCountry "GER"]

1. d4 Nf6 2. Nf3 g6 3. c4 Bg7 4. Nc3 O-O 5. e4 d6 6. h3 e5 7. dxe5 dxe5 8. Qxd8
Rxd8 9. Bg5 c6 10. Nxe5 Re8 11. O-O-O Nxe4 12. Nxe4 Bxe5 13. f4 Bf5 14. Ng3 Bg7
15. Nxf5 gxf5 16. Bd3 Na6 17. Rhe1 Nc5 18. Bc2 Ne4 19. Bxe4 Rxe4 20. Rxe4 fxe4
21. f5 h6 22. Be3 Bf8 23. Rd7 b6 24. g4 c5 25. b3 Kg7 26. Kd2 Kf6 27. Bf4 h5
28. Ke3 hxg4 29. hxg4 a6 30. a4 Rc8 31. Rb7 Rc6 32. Kxe4 Bd6 33. g5+ Kg7 34. g6
Bxf4 35. Rxf7+ Kg8 36. Kxf4 Rd6 37. Rb7 1-0

[Event "Oberliga Ost A 2017 2018"]
[Site "Germany"]
[Date "2018.02.04"]
[Round "7.7"]
[White "Hartwig, Maik"]
[Black "Otikova, Elina"]
[Result "1/2-1/2"]
[WhiteElo "2101"]
[BlackElo "2054"]
[PlyCount "142"]
[EventDate "2017.10.22"]
[EventType "team-tourn"]
[EventCountry "GER"]
[WhiteTeam "Halle USV"]
[BlackTeam "Loeberitz SG"]
[WhiteTeamCountry "GER"]
[BlackTeamCountry "GER"]

1. d4 d5 2. Nf3 Nf6 3. Bf4 c5 4. c3 Nc6 5. e3 Qb6 6. Qb3 c4 7. Qxb6 axb6 8. Na3
Ra5 9. Bc7 e6 10. Bxb6 Ra6 11. Bc5 Bxc5 12. dxc5 Ne4 13. Nb5 Ra5 14. Nd6+ Nxd6
15. cxd6 O-O 16. Be2 Rd8 17. O-O Rxd6 18. Rfd1 Rd7 19. Rd2 b5 20. a3 Nb8 21.
Rad1 Na6 22. e4 Bb7 23. Ne5 Rd6 24. exd5 exd5 25. Bf3 f6 26. Ng4 Nc5 27. Ne3
Nd3 28. Be2 Nf4 29. Bf1 Ra8 30. g3 Ng6 31. Bg2 Ne7 32. Nxd5 Nxd5 33. Bxd5+ Bxd5
34. Rxd5 Rxd5 35. Rxd5 Rb8 36. Rd7 Re8 37. Kf1 Re5 38. f4 Rf5 39. Ke2 g5 40.
Kf3 gxf4 41. gxf4 Rh5 42. Kg3 Kf8 43. h4 Kg8 44. Kg4 Rc5 45. Ra7 Rd5 46. Ra5
Kg7 47. a4 h5+ 48. Kf3 Rd3+ 49. Ke4 bxa4 50. Kf5 Rh3 51. Rxa4 Rxh4 52. Rxc4 Rh1
53. Rc7+ Kh6 54. Kxf6 h4 55. Kf5 Rg1 56. Rd7 Rg2 57. b4 h3 58. Rd3 h2 59. Rh3+
Kg7 60. Ke5 Re2+ 61. Kd4 Kf6 62. b5 Kf5 63. Kc5 Kxf4 64. c4 Kg4 65. Rxh2 Rxh2
66. b6 Rb2 67. Kc6 Kf5 68. c5 Ke6 69. b7 Rb1 70. Kc7 Kd5 71. c6 Kc5 1/2-1/2

[Event "Oberliga Ost A 2017 2018"]
[Site "Germany"]
[Date "2018.02.04"]
[Round "7.8"]
[White "Ozols, Andris"]
[Black "Perekhozhuk, Maksym"]
[Result "0-1"]
[WhiteElo "1628"]
[BlackElo "1918"]
[PlyCount "96"]
[EventDate "2017.10.22"]
[EventType "team-tourn"]
[EventCountry "GER"]
[WhiteTeam "Loeberitz SG"]
[BlackTeam "Halle USV"]
[WhiteTeamCountry "GER"]
[BlackTeamCountry "GER"]

1. e4 c5 2. Nf3 d6 3. d4 cxd4 4. Nxd4 Nf6 5. Nc3 g6 6. Be3 Bg7 7. f3 Nc6 8. Qd2
O-O 9. O-O-O Nxd4 10. Bxd4 Be6 11. Kb1 Qc7 12. g4 Rfc8 13. h4 Qa5 14. Nd5 Qxd2
15. Nxf6+ Bxf6 16. Rxd2 Bxd4 17. Rxd4 Rc5 18. g5 Rac8 19. c3 b5 20. f4 a5 21.
a3 Bb3 22. Bd3 Rb8 23. h5 Be6 24. hxg6 hxg6 25. f5 gxf5 26. exf5 Bxf5 27. Bxf5
Rxf5 28. Rdh4 Kg7 29. Rh7+ Kg6 30. R7h6+ Kxg5 31. R1h5+ Kf4 32. Rh1 Rb7 33.
Rf1+ Ke5 34. Rd1 f6 35. Re1+ Kd5 36. Rh7 Re5 37. Rd1+ Kc6 38. Rf7 b4 39. axb4
axb4 40. cxb4 Rxb4 41. Rc1+ Kd7 42. Rc2 Ra4 43. b3 Rb4 44. Ka2 Re3 45. Rb2 d5
46. Rf8 d4 47. Ra8 d3 48. Ra4 Rxa4+ 0-1